LA REDENCION POR LA SANGRE /

TRADUCCION DE: LA REDEMPTION PAR LE SANG

Guardado en:
Bibliografiske detaljer
Hovedforfatter: Trinidad, Felipe de La (autor)
Format: Bog
Serier:YO SE - YO CREO; 25
Fag:
Tags: Tilføj Tag
Ingen Tags, Vær først til at tagge denne postø!

MARC

LEADER 00000nam^a2200000^a^4500
001 000228851
005 20250521000000.0
009 20260310104338.974
035 |a 048892 
037 |a Acervo Xavier Clavigero 
082 |a 232. 3 TRI 
100 |a Trinidad, Felipe de La  |e (autor) 
245 1 3 |a LA REDENCION POR LA SANGRE /  |c FELIPE DE LA TRINIDAD; TR. A. SEGARRA 
264 |a Andorra la Vieja, Andorra :  |b Casal i Vall,  |c 1961 
300 |a 152p. 
336 |a texto  |b txt  |2 rdacontenido 
337 |a sin mediación  |b n  |2 rdamedio 
338 |a volumen  |b nc  |2 rdasoporte 
440 |a YO SE - YO CREO;  |v 25 
520 |a TRADUCCION DE: LA REDEMPTION PAR LE SANG 
520 |a INCLUYE BIBLIOGRAFIA 
649 |a XX 
650 |a Redención 
910 |a Fondo General 
920 |a Impresos - Libros 
930 |a Colección General 
905 |a 101 
901 |a 048892  |b IT1  |c ACC  |i 048892  |u 20250521 
902 |a https://opac.biblio.iteso.mx/vufind/Record/000228851